| 000 | 00549nam a2200181 i 4500 | ||
|---|---|---|---|
| 001 | 23737 | ||
| 003 | ES-MaACL | ||
| 005 | 20230906152927.0 | ||
| 007 | t| | ||
| 008 | 021212s1919 fr ||||1| fre d | ||
| 100 | 1 |
_aAdes, Albert. _918438 |
|
| 245 | 1 | 3 |
_aLe livre de Goha le Simple / _cpar Albert Ades et Albert Josipovici ; preface de Octave Mirbeau. |
| 260 |
_aParís : _bCalmann-Lévy, _c[1919] |
||
| 300 |
_aVIII, 390 p. ; _c19 cm. |
||
| 700 | 1 |
_aJosipovici, Albert. _966994 |
|
| 700 | 1 |
_aMirbeau, Octave. _981577 |
|
| 852 |
_aES-MaACL _jF-10774 |
||
| 999 |
_c23737 _d23737 |
||